Guess the Famous Person by Their Famous Acronym - Statistics

General Stats
  • This quiz has been taken 57 times
  • The average score is 7 of 14
Answer Stats
Acronym Person % Correct
JFK John F. Kennedy
98%
FDR Franklin D. Roosevelt
80%
MLK Martin Luther King
76%
LBJ Lyndon B. Johnson
70%
JRRT J.R.R Tolkien
56%
MBJ Michael B. Jordan
56%
RBG Ruth Bader Ginsburg
52%
MGK Machine Gun Kelly
46%
JKR J.K. Rowling
44%
LBJ Lebron James
38%
HST Harry S. Truman
30%
MJF Michael J. Fox
22%
AOC Alexandria Ocasio Cortez
20%
SLJ Samuel L. Jackson
16%
No matching quizzes found
Score Distribution
Percent of People with Each Score
Percentile by Number Answered
Your Score History
You have not taken this quiz